000 00219nam a2200097Ia 4500
008 240331s9999 xx 000 0 und d
082 _bMOS
100 _aMoscrop, T
245 2 _aA Sinhalese - English dctionary
942 _cL
999 _c3227
_d3227